Puck's Monologue Quiz Stats

 Plays Quiz Updated Mar 27, 2020

Support Sporcle.
Go Orange.
Score 0/93 Timer 10:00
0 Plays Today
% Correct
a
93.8%
a
93.8%
I
92.9%
the
86%
the
86%
an
80.2%
we
78%
we
78%
we
78%
We
78%
we
78%
and
77.7%
And
77.7%
and
77.7%
And,
77.7%
And
77.7%
you
77%
you
77%
you
77%
is
74.2%
me
73.4%
If
73%
If
73%
If
73%
if
73%
be
69.8%
have
66.6%
have
66.6%
have
66.6%
but
66.5%
but
66.5%
% Correct
but
66.5%
all
64.5%
all.
64.5%
No
64.2%
this,
62.9%
this
62.9%
am
62.7%
to
61.9%
That
61.5%
will
57.4%
will
57.4%
dream,
56.8%
Puck,
55.2%
Puck
55.2%
your
54.9%
Think
54.8%
here,
54.8%
as
54.4%
offended,
54%
So,
53.5%
shall
52.6%
do
52%
not
51.5%
mended:
50.8%
mend.
50.2%
these
50.1%
did
48.6%
Give
47.9%
friends;
46.3%
shadows
45.7%
slumber'd
44.8%
% Correct
hands,
44.2%
While
43.6%
honest
43.4%
amends
42.8%
amends.
42.8%
make
42.6%
appear.
41.5%
more
41.4%
Robin
40.9%
visions
40%
luck
36.2%
call -
35.9%
restore
35.7%
liar
35.2%
goodnight
33.1%
Now
32.7%
unto
31.5%
Else
31.1%
ere
29.3%
pardon,
29.2%
theme,
29.1%
idle
28.9%
long;
28.8%
weak
28.7%
unearned
28.7%
yielding
28.6%
Gentles,
25.6%
tongue,
25.4%
serpent's
25.4%
reprehend;
24.8%
'scape
23.1%

You're not logged in!

Compare scores with friends on all Sporcle quizzes.
OR
Log In

From the Vault

Pride Parades Around The World

by aglick

Today marks the fiftieth anniversary of the start of the Stonewall Riots.
Remove Ads.
Support Sporcle.
Get the best of Sporcle when you Go Orange. This ad-free experience offers more features, more stats, and more fun while also helping to support Sporcle. Thank you for becoming a member.

Show Comments

Extras

Top Quizzes Today


Score Distribution

Your Account Isn't Verified!

In order to create a playlist on Sporcle, you need to verify the email address you used during registration. Go to your Sporcle Settings to finish the process.

Report this User

Report this user for behavior that violates our Community Guidelines.

Details: